Nonsymmetric fields theory and its applications

Tallennettuna:
Bibliografiset tiedot
Päätekijä: Kalinowski, Marek Wojciech
Aineistotyyppi: Kirja
Kieli:Vietnamese
Julkaistu: World Scientific 1990
Tagit: Lisää tagi
Ei tageja, Lisää ensimmäinen tagi!
Thư viện lưu trữ: Mạng thư viện Đại học Đà Nẵng
LEADER 00654nam a2200253 4500
001 000021575
003 18023
005 20150422090426.0
008 150422s1990 viesd
020 |c 00 
041 0 |a vie 
082 1 4 |a 530,14  |b KA-M 
100 1 |a Kalinowski, Marek Wojciech 
245 1 0 |a Nonsymmetric fields theory and its applications  |c Marek Wojciech Kalinowski 
260 |b World Scientific  |c 1990 
300 |a tr.  |c cm. 
OWN |a LSP 
999 |a From the UDN01 
TYP |a Monograph 
TYP |a Printed language 
980 |a Mạng thư viện Đại học Đà Nẵng